| 000 | 01290 a2200217 4500 | ||
|---|---|---|---|
| 001 | 48550 | ||
| 005 | 20260407155750.0 | ||
| 008 | 260407a1973 arg spa d | ||
| 003 | AR-UNSa-BCEJYS | ||
| 040 |
_aAR-UNSa-BCEJYS _bspa _cAR-UNSa-BCEJYS |
||
| 080 |
_a330 _xEconomía en general |
||
| 245 | 1 | 0 | _aAnálisis económico Input- Output |
| 250 | _a2a.ed. | ||
| 264 | 1 |
_aBarcelona : _bGustavo Gili _c1973 |
|
| 300 |
_a359 p. _c22 cm. |
||
| 505 | _a1. Propuesta para mejorar la bondad de nuestras previsiones económicas - 2. Análisis económico input-output - 3. Salarios, beneficios, precios e impuestos - 4. La estructura del desarrollo - 5. Producción interna y comercio exterior: reexamen de la posición estadounidense por lo que respecta al capital - 6. Las relaciones entre los factores y la estructura del comercio estadounidense: nuevo análisis teórico y empírico - 7. Análisis input-output - 8. Estructura de la economía estadounidense - 9. Repercusiones económicas del desarme - 10. Repercusiones económicas - en los ámbitos industrial y regional - de una reducción de armamento - 11. Análisis input-output multirregional. | ||
| 942 | _cBK | ||
| 590 | _aniveau_biblio:m niveau_hierar:0 | ||
| 100 | 1 | _aLeontief, Wassily | |
| 700 | 1 | _aFábrega Forradellas, Valentín | |
| 999 |
_c4618 _d4618 |
||